Statistiques concernant Culture Générale - Série 348

Cliquez ici pour prendre le quiz!

Statistiques générales

  • Ce quiz a été pris 191 fois
  • Le résultat moyen est 7 sur 10

Statistiques - réponses

QuestionRéponse% Correct
A quel pays la Crète appartient-elle ?La Grèce
99%
Lequel de nos 5 sens est "neutralisé" quand on joue à colin-maillard ?La vue
96%
Quelle technique de plongée consiste à retenir sa respiration ?L'apnée
95%
Comment écrit-on 51 en chiffres romains ?LI
83%
De quel milliardaire les frères Rapetou convoitent-ils la fortune ?Picsou
75%
A la belote, quelle carte supérieure au roi est inférieure à l'as ?Le 10
66%
Quelle fonction Ambroise Paré a-t-il occupée au service de quatre rois ?Chirurgien
50%
Qui était l'animateur des "Rendez-vous du dimanche" de 1975 à 1981 ?Michel Drucker
50%
En 1999, à qui Vladimir Poutine succède-t-il à la tête de la Russie ?Boris Eltsine
42%
Quel personnage du "Bébête Show" se faisait appeler "Dieu" ?Kermitterrand
8%

Distribution des résultats

Percentile par nombre de réponses

% des personnes avec chaque résultat

Votre développement - résultats

Vous n’avez pas pris ce quiz